000 00492pam a2200157a 44500
008 230515b2018 xxu||||| |||| 00| 0 eng d
020 _aNULL
041 _aENGLISH
082 _a610.0
100 _aMS. MANISHA ANAND
245 _aA NON EXPERIMENTAL STUDY TO ASSESS THE EFFECT OF SLEEP HYGIENE ON QUALITY OF LIFE AMONG SELECTED PROFESSIONAL COLLEGE STUDENTS OF BVDU
250 _a1
260 _aPUNE
_bBHARATI VIDYAPEETH DEEMED UNIVERSITY, PUNE,
_c2018
300 _a95
650 _aNULL
999 _c532113
_d532113